000
00287nam a22001217a 4500
008
170504b xxu||||| |||| 00| 0 eng d
041
_a
ALB
080
_a
34
100
_a
14
101
_a
SHJ
245
_a
KOSOVA NE GJUKATEN NDERKOMBTAE TE DREJTESIS
_c
OWADA.H
942
_2
udc
_c
BK
999
_c
12684
_d
12684